| 000 | 01214nam a22002177a 4500 | ||
|---|---|---|---|
| 005 | 20180110113922.0 | ||
| 010 | _aHIN-109190 B-666762 | ||
| 020 |
_c400.00 _a9788188380334 |
||
| 035 | _aHN-81536 | ||
| 035 | _aB-666762 | ||
| 037 |
_bDPL/PUB _aHN |
||
| 082 | _a000 | ||
| 100 | _aसंजय भोला 'धीर' | ||
| 245 |
_aदेश -विदेश का सामान्य ज्ञान एवं मनोरंजक तथ्य / _cसंजय भोला 'धीर' |
||
| 260 |
_aनई दिल्ली _bमित्तल बुक एजेन्सी _c2015 |
||
| 260 |
_aनई दिल्ली _bमित्तल बुक एजेन्सी _c2017 |
||
| 270 |
_bनई दिल्ली _e110002 _a3072/5, गोला मार्केट दरिया गंज |
||
| 300 |
_a192पृ. _c22 सेमी.(सजिल्द) |
||
| 942 |
_2ddc _cHN _h000 _mसंजय |
||
| 999 |
_c103335 _d103335 |
||